000 00328nam a22001337a 4500
008 180223b xxu||||| |||| 00| 0 eng d
020 _a9780844207315
041 _aeng
080 _a24
100 _a030
101 _agju
245 _antc multingual dictionary of american sign language
_cclaude.o./p
942 _2udc
_cBK
999 _c43278
_d43278